Russia....or USSR? - Statistics

General Stats
  • This quiz has been taken 22 times
  • The average score is 12 of 15
Answer Stats
Question Answer % Correct
Adopted the Constitution of 1993 that established a new political system. Russia
100%
First to launch a human into space. USSR(Soviet Union)
100%
Hosted the 1980 Summer Olympics. USSR(Soviet Union)
100%
Hosted the G8 summits during the 2000's. Russia
95%
Has more population. USSR(Soviet Union)
95%
Official name of the country in 1985. USSR(Soviet Union)
90%
Features a double-headed eagle as a historic symbol. Russia
86%
Home to historic city of Novgorod. Russia
86%
Major Soviet space station. USSR(Soviet Union)
86%
Birthplace of the famous ballet company, the Mariinsky Ballet. Russia
81%
Primary signatory of the Molotov-Ribbentrop Pact. USSR(Soviet Union)
81%
First to produce a nuclear power plant, specifically at Obninsk. USSR(Soviet Union)
81%
Last country to officially dissolve. USSR(Soviet Union)
81%
First country to abolish the monarchy in the 20th Century. Russia
43%
A state which was the primary setting for the 1991 August Coup attempt. USSR(Soviet Union)
38%
No matching quizzes found
Score Distribution
Percent of People with Each Score
Percentile by Number Answered
Your Score History
You have not taken this quiz